Tác động của quá trình công nghiệp hóa nông thôn đến việc chuyển dịch cơ cấu kinh tế nông thôn ở huyện Quảng Trạch tỉnh Quảng Bình giai đoạn 2005 - 2009
Cơ sở lý luận chung. Quá trình công nghiệp hóa nông thôn ở huyện Quảng Trạch tỉnh Quảng Bình giai đoạn 2005 - 2009. Tác động của quá trình công nghiệp hóa nông thôn đến việc chuyển dịch cơ cấu kinh tế nông thôn ở huyện Quảng Trạch tỉnh Quảng Bình giai đoạn 2005 - 2009. Định hướng và giải pháp....
Shranjeno v:
| Glavni avtor: | |
|---|---|
| Drugi avtorji: | |
| Format: | Knjiga |
| Jezik: | Vietnamese |
| Izdano: |
Đại học Đà Nẵng
Trường đại học Sư Phạm
2011
|
| Serija: | Khóa luận tốt nghiệp đại học. Chuyên ngành: Sư phạm Địa lý
|
| Teme: | |
| Oznake: |
Označite
Brez oznak, prvi označite!
|
| Thư viện lưu trữ: | Mạng thư viện Đại học Đà Nẵng |
|---|
| LEADER | 01835nam a2200349 4500 | ||
|---|---|---|---|
| 001 | 000011849 | ||
| 003 | 8128 | ||
| 005 | 20120213110200.0 | ||
| 008 | 120210s2011 viesd | ||
| 041 | |a vie | ||
| 072 | |a Khóa luận tốt nghiệp | ||
| 082 | |a 338.161 |b LE-H | ||
| 100 | |a Lê, Thị Thu Hiền | ||
| 245 | |a Tác động của quá trình công nghiệp hóa nông thôn đến việc chuyển dịch cơ cấu kinh tế nông thôn ở huyện Quảng Trạch tỉnh Quảng Bình giai đoạn 2005 - 2009 |c Lê, Thị Thu Hiền | ||
| 260 | |a Đại học Đà Nẵng |b Trường đại học Sư Phạm |c 2011 | ||
| 300 | |a 61 tr. |b hình mhọa |c 29 cm | ||
| 490 | |a Khóa luận tốt nghiệp đại học. Chuyên ngành: Sư phạm Địa lý | ||
| 500 | |a Tham khảo + phụ chú tr. 59 - 61 | ||
| 520 | |a Cơ sở lý luận chung. Quá trình công nghiệp hóa nông thôn ở huyện Quảng Trạch tỉnh Quảng Bình giai đoạn 2005 - 2009. Tác động của quá trình công nghiệp hóa nông thôn đến việc chuyển dịch cơ cấu kinh tế nông thôn ở huyện Quảng Trạch tỉnh Quảng Bình giai đoạn 2005 - 2009. Định hướng và giải pháp. | ||
| 653 | |a Khóa luận tốt nghiệp đại học | ||
| 653 | |a Khoa Địa lí | ||
| 700 | |a Nguyễn, Duy Hòa |c Th.S |e Hướng dẫn | ||
| OWN | |a LSP | ||
| AVA | |a UDN50 |b LSP |d 338.161 LE-H |e available |t Error 5001 Not defined in file expand_doc_bib_avail. |f 1 |g 0 |h N |i 0 |k 1 | ||
| 999 | |a From the UDN01 | ||
| AVA | |a UDN50 |b LSP |d 338.161 LE-H |e available |t Error 5001 Not defined in file expand_doc_bib_avail. |f 1 |g 0 |h N |i 0 |k 1 | ||
| TYP | |a Monograph | ||
| TYP | |a Printed language | ||
| 980 | |a Mạng thư viện Đại học Đà Nẵng | ||